A sketch of the physiology and pathology of urine (Record no. 161133)

MARC details
000 -LEADER
campo de control de longitud fija 00678nam a2200169 i 4500
001 - NÚMERO DE CONTROL
campo de control 161133
003 - IDENTIFICADOR DE NÚMERO DE CONTROL
campo de control ES-MaACL
005 - FECHA Y HORA DE LA ÚLTIMA TRANSACCIÓN
campo de control 20230906212211.0
008 - DATOS DE LONGITUD FIJA--INFORMACIÓN GENERAL
campo de control de longitud fija 041022s1820 xxk |||| | eng d
040 ## - FUENTE DE CATALOGACIÓN
Centro catalogador/agencia de origen CAM
Lengua de catalogación spa
Centro/agencia transcriptor CAM
100 1# - ENTRADA PRINCIPAL--NOMBRE DE PERSONA
Nombre de persona Osborne, Jonathan.
9 (RLIN) 130727
245 12 - MENCIÓN DEL TÍTULO
Título A sketch of the physiology and pathology of urine
Resto del título : with an historical introduction /
Mención de responsabilidad, etc. by Jonathan Osborne.
260 ## - PUBLICACIÓN, DISTRIBUCIÓN, ETC.
Lugar de publicación, distribución, etc. London [etc.] :
Nombre del editor, distribuidor, etc. printed for Burgess and Hill [etc.],
Fecha de publicación, distribución, etc. 1820 (
Fabricante S. Gosnell printer)
300 ## - DESCRIPCIÓN FÍSICA
Extensión VI, [2], 81 p., [1] h. pleg. ;
Dimensiones 22 cm.
650 #4 - PUNTO DE ACCESO ADICIONAL DE MATERIA--TÉRMINO DE MATERIA
Término de materia o nombre geográfico como elemento de entrada Orina.
9 (RLIN) 136635
852 ## - LOCALIZACIÓN
Ubicación ES-MaACL
Número de control de estantería T-483 bis-F-1
Nota libre Enc. hol. -- Falto de la cub. original -- Enc. en un vol. facticio
Holdings
Estatus retirado Estado de pérdida Estado de daño No para préstamo Colección Biblioteca de origen Biblioteca actual Ubicación en estantería Fecha de adquisición Total de préstamos Signatura topográfica completa Código de barras Visto por última vez Precio de reemplazo Tipo de ítem Koha
        Colección de folletos Biblioteca del Ateneo de Madrid Biblioteca del Ateneo de Madrid Depósito folletos 17/01/2008   T-483 bis-F-1 1168772 23/02/2023 23/02/2023 Folleto